Statistics for Types of Horse Colors

Click here to take the quiz!

General Stats

  • This quiz has been taken 80 times
  • The average score is 5 of 9

Answer Stats

Answer% Correct
Black
87%
Chestnut
80%
Bay
69%
Appaloosa
58%
Brown
47%
Pinto
47%
Palamino
36%
Sorrel
16%
Cream
11%

Score Distribution

Percentile by Number Answered

Percent of People with Each Score

Your Score History

You have not taken this quiz